Cities in South Korea by Population (with Hangul) - Statistics

General Stats
  • This quiz has been taken 363 times
  • The average score is 18 of 24
Answer Stats
Population Hangul City % Correct
10,049,607 서울 Seoul
100%
3,487,191 부산 Busan
99%
2,489,802 대구 Daegu
92%
3,022,511 인천 Incheon
91%
1,508,120 대전 Daejeon
86%
1,482,151 광주 Gwangju
80%
1,175,625 울산 Ulsan
80%
1,242,212 수원 Suwon
74%
868,106 부천 Bucheon
72%
717,130 안산 Ansan
70%
1,056,853 고양 Goyang
70%
501,791 제주 Jeju
70%
972,280 성남 Seongnam
70%
1,068,955 창원 Changwon
68%
851,328 청주 Cheongju
68%
1,053,522 용인 Yongin
68%
584,239 안양 Anyang
64%
659,052 전주 Jeonju
64%
666,153 천안 Cheonan
63%
552,360 김해 Gimhae
63%
688,965 남양주 Namyangju
63%
798,100 화성 Hwaseong
62%
515,945 포항 Pohang
61%
518,672 평택 Pyeongtaek
54%
No matching quizzes found
Score Distribution
Percent of People with Each Score
Percentile by Number Answered
Your Score History
You have not taken this quiz